000 00347nam a2200157Ia 4500
003 IT-RoPAU
008 120407s9999 xx 000 0 und d
040 _aIT-RoPAU
040 _cIT-RoPAU
245 _aFlemish painting from Bosh to Rubens
245 _cAA.VV.
260 _aAlbert Skira Publisher
300 _c cm
490 _v1
942 _cBK
999 _c634
_d634